000 00526nam a2200205Ia 4500
005 20230116105211.0
008 131103s9999 xx 000 0 und d
040 _aLoreto College
041 _aEnglish
082 _a821.5
_bPOP-JAC
100 _aJack,Ian
245 _aPope
_cIan Jack
260 _aLondon
_bLongman
_c1954
300 _a36 p.
504 _aIncludes bibliographical references
650 _aEnglish Poetry
651 _a18th century poet - Pope,Alexander - Criticism
850 _aLCLIB
942 _cBK
999 _c5740
_d56219